Sports Quiz

Random Sports or NHL Quiz
Score 0/23 Timer 06:00
0 Plays Today
Draft Year (Pick No.) Player % Correct
2008None
100%
2018 (3)Jesperi Kotkaniemi
94.4%
2005 (5)Carey Price
93.2%
2012 (3)Alex Galchenyuk
89.7%
2019 (15)Cole Caufield
80.6%
2016 (9)Mikhail Sergachev
79.2%
2007 (22)Max Pacioretty
74.8%
2017 (25)Ryan Poehling
74.5%
2015 (26)Noah Juulsen
68.9%
2013 (25)Michael McCarron
65%
2009 (18)Louis Leblanc
64.3%
2007 (12)Ryan McDonagh
63.3%
Draft Year (Pick No.) Player % Correct
2014 (26)Nikita Scherbak
57.9%
2010 (22)Jarred Tinordi
54.4%
2011 (17)Nathan Beaulieu
53.3%
2003 (10)Andrei Kostitsyn
46.3%
2001 (7)Mike Komisarek
40%
2006 (20)David Fischer
35.5%
2002 (14)Chris Higgins
34.6%
2000 (13)Ron Hainsey
29%
2004 (18)Kyle Chipchura
28%
2001 (25)Alexander Perezhogin
20.3%
2000 (16)Marcel Hossa
20.1%
Remove Ads.
Support Sporcle.
Get the best of Sporcle when you Go Orange. This ad-free experience offers more features, more stats, and more fun while also helping to support Sporcle. Thank you for becoming a member.

You're not logged in!

Compare scores with friends on all Sporcle quizzes.
OR
Log In

Show Comments

Extras

Top Quizzes Today


Score Distribution

Your Account Isn't Verified!

In order to create a playlist on Sporcle, you need to verify the email address you used during registration. Go to your Sporcle Settings to finish the process.

Report this User

Report this user for behavior that violates our Community Guidelines.

Details: